| 000 | 01241cam a2200265 i 4500 | ||
|---|---|---|---|
| 999 |
_c58396 _d58396 |
||
| 001 | 20841703 | ||
| 005 | 20220117114745.0 | ||
| 006 | m |o d | | ||
| 007 | cr_||||||||||| | ||
| 008 | 190206t20202020enk ob 001 0 eng | ||
| 020 | _z9781138495180 | ||
| 041 | _aeng | ||
| 080 | _a37 I-67 | ||
| 100 | 1 |
_aInce, Amanda _913389 |
|
| 245 | 1 | 2 |
_aA practical guide to action research and teacher enquiry : _bmaking a difference in the early years / _cAmanda Ince and Eleanor Kitto. |
| 264 | 4 |
_cLondon : _aRoutledge, Taylor & Francis Group, _b2020. |
|
| 300 |
_a97 p. _bill., _c25 cm. |
||
| 653 | _aსამოქმედო კვლევა განათლებაში | ||
| 653 | _aИсследования действий в образовании | ||
| 653 | _aსამოქმედო კვლევისა და მასწავლებლის გამოკითხვის პრაქტიკული გზამკვლევი | ||
| 653 | _aПрактическое руководство по исследованию действий и опросу учителей | ||
| 653 | _aგანათლება | ||
| 700 | 1 |
_aKitto, Eleanor, _eავტორი _913390 |
|
| 942 |
_2udc _cBK |
||